Operating system concepts / (Record no. 526952)

000 -LEADER
fixed length control field 01180cam a2200349 i 4500
001 - CONTROL NUMBER
control field 18079285
003 - CONTROL NUMBER IDENTIFIER
control field NUST
005 - DATE AND TIME OF LATEST TRANSACTION
control field 20190720083933.0
008 - FIXED-LENGTH DATA ELEMENTS--GENERAL INFORMATION
fixed length control field 140324s2013 njua b 001 0 eng
010 ## - LIBRARY OF CONGRESS CONTROL NUMBER
LC control number 2013372096
020 ## - INTERNATIONAL STANDARD BOOK NUMBER
International Standard Book Number 9781118063330 (hbk)
038 ## - RECORD CONTENT LICENSOR
Staff Name Arshad
040 ## - CATALOGING SOURCE
Original cataloging agency DLC
Language of cataloging eng
Transcribing agency DLC
Description conventions rda
Modifying agency DLC
042 ## - AUTHENTICATION CODE
Authentication code pcc
050 00 - LIBRARY OF CONGRESS CALL NUMBER
Classification number QA76.76.O63
Item number S5583 2013
082 00 - DEWEY DECIMAL CLASSIFICATION NUMBER
Classification number 005.43
Author Mark SIL
100 1# - MAIN ENTRY--PERSONAL NAME
Personal name Silberschatz, Abraham.
9 (RLIN) 17959
245 10 - TITLE STATEMENT
Title Operating system concepts /
Statement of responsibility, etc. Abraham Silberschatz, Yale University, Peter Baer Galvin, Pluribus Networks, Greg Gagne, Westminster College.
250 ## - EDITION STATEMENT
Edition statement Ninth edition.
264 #1 - PRODUCTION, PUBLICATION, DISTRIBUTION, MANUFACTURE, AND COPYRIGHT NOTICE
Place of production, publication, distribution, manufacture New Delhi :
Name of producer, publisher, distributor, manufacturer Wiley,
Date of production, publication, distribution, manufacture, or copyright notice 2009.
300 ## - PHYSICAL DESCRIPTION
Extent 856 pages :
Other physical details illustrations ;
Dimensions 26 cm.
336 ## - CONTENT TYPE
Content type term text
Content type code txt
Source rdacontent
337 ## - MEDIA TYPE
Media type term unmediated
Media type code n
Source rdamedia
338 ## - CARRIER TYPE
Carrier type term volume
Carrier type code nc
Source rdacarrier
504 ## - BIBLIOGRAPHY, ETC. NOTE
Bibliography, etc. note Includes bibliographical references and index.
650 #0 - SUBJECT ADDED ENTRY--TOPICAL TERM
Topical term or geographic name entry element Operating systems (Computers)
9 (RLIN) 6657
700 1# - ADDED ENTRY--PERSONAL NAME
Personal name Galvin, Peter B.
9 (RLIN) 17960
700 1# - ADDED ENTRY--PERSONAL NAME
Personal name Gagne, Greg.
9 (RLIN) 17961
906 ## - LOCAL DATA ELEMENT F, LDF (RLIN)
a 7
b cbc
c origcop
d 2
e ncip
f 20
g y-gencatlg
942 ## - ADDED ENTRY ELEMENTS (KOHA)
Source of classification or shelving scheme
Koha item type Book
Holdings
Withdrawn status Lost status Source of classification or shelving scheme Damaged status Not for loan Permanent Location Current Location Shelving location Date acquired Source of acquisition Cost, normal purchase price Total Checkouts Full call number Barcode Date last seen Copy number Price effective from Koha item type
          NUST Baluchistan Campus (NBC) NUST Baluchistan Campus (NBC) Book Cart 07/18/2019 Purchased 0.00   005.43 SIL Q-75 07/18/2019 5 07/18/2019 Book
          NUST Baluchistan Campus (NBC) NUST Baluchistan Campus (NBC) Book Cart 07/18/2019 Purchased 0.00   005.43 SIL Q-76 07/18/2019 6 07/18/2019 Book
          NUST Baluchistan Campus (NBC) NUST Baluchistan Campus (NBC) Book Cart 07/18/2019 Purchased 0.00   005.43 SIL Q-77 07/18/2019 7 07/18/2019 Book
          NUST Baluchistan Campus (NBC) NUST Baluchistan Campus (NBC) Book Cart 07/18/2019 Purchased 0.00   005.43 SIL Q-78 07/18/2019 8 07/18/2019 Book
          NUST Baluchistan Campus (NBC) NUST Baluchistan Campus (NBC) Book Cart 07/18/2019 Purchased 0.00   005.43 SIL Q-79 07/18/2019 9 07/18/2019 Book
© 2023 Central Library, National University of Sciences and Technology. All Rights Reserved.